000 00352nam a2200145Ia 4500
008 210716s1975 xx 000 0 und d
041 _aeng
082 _a657 HENE
100 _aHendriksen, Eldon S.
245 _aAccounting theory.
250 _a12
260 _aLondon
_bRichard D Irwin, Inc
_c1975
300 _aix,643
650 _aAccounting(657)
999 _c202239
_d202239